Statistics for Druk Air Destinations-Paro Thimphu

Click here to take the quiz!

General Stats

  • This quiz has been taken 18 times
  • The average score is 6 of 11

Answer Stats

CountryAirport% Correct
IndiaDelhi
93%
BangladeshDhaka
87%
SingaporeSingapore
87%
ThailandBangkok
87%
IndiaKolkata
80%
NepalKathmandu
80%
IndiaGuwahati
40%
BhutanGelephu
0%
BhutanJakar
0%
BhutanTrashigang
0%
IndiaSiliguri
0%

Score Distribution

Percentile by Number Answered

Percent of People with Each Score

Your Score History

You have not taken this quiz